000 00904cab a2200265 4500
001 ABS46164
008 090401t xxu||||| |||| 00| 0 eng d
035 _a(Sirsi) u57030
041 _aeng
100 _aHales, P.
245 _aValuation for mortgage purposes : an update
260 _c10(2) Winter 1991/92, 483-490(5)
350 _a0
490 _aJournal of Property Valuation and Investment
_v10(2) Winter 1991/92, 483-490(5)
520 _aDetailed examination of the Guidance Notes for mortgage valuations produced by the RICS and ISVA in the light of recent case law establishing a duty of care for the third party borrower.
650 _aFINANCIAL INSTITUTIONS
650 _aGUIDANCE NOTES
650 _aMORTGAGE LENDERS
650 _aMORTGAGE VALUATIONS
650 _aSMITH V BUSH
650 _aVALUATIONS
690 _aRATING AND VALUATION
942 _n0
948 _c04/03/1997
999 _c34775
_d34775